Managing without management : (Record no. 347884)
[ view plain ]
| 000 -LEADER | |
|---|---|
| fixed length control field | 00941 a2200169 4500 |
| 020 ## - INTERNATIONAL STANDARD BOOK NUMBER | |
| International Standard Book Number | 1857881664 (paperback) |
| 020 ## - INTERNATIONAL STANDARD BOOK NUMBER | |
| International Standard Book Number | 9781857881660 (paperback) |
| 082 04 - DEWEY DECIMAL CLASSIFICATION NUMBER | |
| Classification number | 338 |
| 090 ## - LOCALLY ASSIGNED LC-TYPE CALL NUMBER (OCLC); LOCAL CALL NUMBER (RLIN) | |
| -- | 5477 |
| -- | 5477 |
| 100 1# - MAIN ENTRY--PERSONAL NAME | |
| Personal name | Koch, Richard. |
| 245 10 - TITLE STATEMENT | |
| Title | Managing without management : |
| Remainder of title | a post-management manifesto for business simplicity / |
| Statement of responsibility, etc. | Richard Koch. |
| 260 ## - PUBLICATION, DISTRIBUTION, ETC. | |
| Place of publication, distribution, etc. | [S.l.] : |
| Name of publisher, distributor, etc. | Nicholas Brealey Publishing, |
| Date of publication, distribution, etc. | 1997. |
| 300 ## - PHYSICAL DESCRIPTION | |
| Extent | 224 p. ; |
| Dimensions | 24 cm. |
| 520 ## - SUMMARY, ETC. | |
| Summary, etc. | This stimulating vision of the future offers a radical prediction for what lies ahead for big business. The authors bring their global experience as top consultants to uncover the six powerful forces that will dismantle management and shape the supercorporation of tomorrow: the power of customers, information, investors, global markets, simplicity, and leadership. |
| 856 40 - ELECTRONIC LOCATION AND ACCESS | |
| Materials specified | Amazon.com |
| Uniform Resource Identifier | <a href="http://www.amazon.com/exec/obidos/ASIN/1857881664/chopaconline-20">http://www.amazon.com/exec/obidos/ASIN/1857881664/chopaconline-20</a> |
| 942 ## - ADDED ENTRY ELEMENTS (KOHA) | |
| Institution code [OBSOLETE] | NBS |
| Koha item type | Book |
| Call number prefix | 658.402 KOC |
| Withdrawn status | Lost status | Damaged status | Not for loan | Permanent Location | Current Location | Date acquired | Total Checkouts | Full call number | Barcode | Date last seen | Price effective from | Koha item type |
|---|---|---|---|---|---|---|---|---|---|---|---|---|
| Central Library (CL) | Central Library (CL) | 08/28/2013 | 658.402 KOC | NBS1861 | 08/28/2013 | 08/28/2013 | Book |
